000 01660nam a2200313 a 4500
001 BRCA_3439
005 20190320204301.0
041 _aita
044 _ait
084 _a728
_b.U25
_c1841
100 1 _aCervantes Saavedra, Miguel de
_d1547-1616
_9213
245 1 0 _aL´Ingegnoso Idalgo Don Chisciotte della Mancia
_cdi Michele Cervantes di Saavedra ; Tradotto da Bartolomeo Gamba ed ora riveduto da Francesco Ambrosoli.
260 _aMilán
_bAndrea Ubicini
_c1841
300 _a2 v.
_bil.
_c26 cm.
500 _aContenido : v.1. Primera parte. Prefacio de F. Ambrosoli, basado en parte en la vida de Cervantes por Viardot. Prólogo del autor. -- v.2. Segunda parte. Prólogo del autor
500 _aTraducción de B. Gamba, revisada por F. Ambrosoli. Éste dice en el prefacio que muchas de las correcciones que introduce, así como la nota que publica acerca de la vida y obra de Cervantes, están tomadas de la versión francesa de Viardot. Las láminas y los dibujos son los de Johannot. Impresión y papel muy buenos. Tela; lomeras adornadas con dorados Lúdovik Osterc
500 _aQM546
546 _aTexto en : italiano
650 1 4 _aNovela española
_yÉpoca clásica, 1500-1700
_9215
650 1 4 _aLiteratura española
_yÉpoca clásica, 1500-1700
_9216
650 1 4 _aNovela española
_ySiglo XVII
_9217
650 1 4 _aDon Quijote (Personaje ficticio)
_eNovela
_9218
700 1 _aGamba, Bartolomeo
_d1766-1841
_eTraductor
_99000
700 1 _aAmbrosoli, Francesco
_d1797-1868
_eEditor
_99001
700 1 _aJohannot, Tony
_d1803-1852
_eIlustrador
_99002
740 0 _aEl Ingenioso Hidalgo Don Quijote de la Mancha
902 _aQFM
942 _2lcc
_cB
999 _c3175
_d3175